000 01076 a2200229 4500
001 35248
005 20260407155636.0
008 260407a2014 arg spa d
003 AR-UNSa-BCEJYS
040 _aAR-UNSa-BCEJYS
_bspa
_cAR-UNSa-BCEJYS
080 _a658.012.2
_xPlanificación. Programas. Planes. Medidas de apoyo a la planificación( Administración estratégica...)
245 1 0 _aCómo hacen los que hacen planeamiento de negocios
_pcasos reales, últimos conceptos y mejores prácticas
020 _a978-987-660-241-9
264 1 _aBuenos Aires :
_bEDICON (Fondo Editorial Consejo)
_c2014
300 _a261 p.
_c22 cm.
505 _a1. Introducción - 2. Apreciación de situación - 3. Estrategia - 4. Análisis del factibilidad económico-financiera - 5. Formulación/reformulación de la visión y la misión - 6. Operaciones - 7. Táctica
041 _aspa
942 _cBK
590 _aniveau_biblio:m niveau_hierar:0
100 1 _aLevy, Alberto R.
856 4 1 _uhttps://biblioeco.unsa.edu.ar/pmb/images/libros/L126799.jpg
_yImagen de portada
_qimage/jpeg
999 _c2558
_d2558